000 00755naa a2200217 i 4500
001 12704
003 ES-MaBCM
005 20241016091709.0
008 910115s1990 fra 000 0 fre d
021 _axx
035 _a(OCoLC)1365170605
040 _cES-MaBCM
041 0 _afre
043 _afra
245 0 3 _aLe nouvel ordre européen
520 _aDossier: Zorgbibe "La nueva situación europea". Torrelli "Europa, nuestra casa común". Fergusson "La nueva relación de fuerzas en Europa". Baranovsky "L'URSS en el umbral de Europa", etc
651 2 4 _aEuropa
_9115402
650 2 7 _aSituación política
_960283
773 0 _aEn:
_tRevue politique et parlementaire
_dParis : 1990
_w104657
_gnº 949, septiembre-octubre ; p. 5-50
942 _cAREV
999 _c12704
_d12704